00603nam a22001932 4500001001100000005001700011008004100028020001700069040001500086050002000101100003200121245005700153250001200210260005100222300005700273500002000330650002700350700003200377000000388920151217145743.0070516s xx 000 0 eng d a0314063536 : aKABUcKABU 0aQD33b.U45 19961 aUmland, Jean B.@000015411210aGeneral chemistry /cJean B. Umland, Jon M. Bellama. a2nd ed. aPacific Grove :bBrooks/Cole Pub. Co.,cc1996. axxviii, 972, 84, 42 p. :bill. (some col.) ;c26 cm. aIncludes index. 0aChemistry.@00001482021 aBellama, Jon M.@0000154113